Inscryption Kaycee's Mod Cards - Statistics

General Stats
  • This quiz has been taken 21 times
  • The average score is 14 of 25
Answer Stats
Hint Answer % Correct
Spawned / Given Broken Egg
100%
Dire Wolf
100%
Avian Cuckoo
83%
Curious Egg
83%
Canine Dire Wolf Pup
83%
Miscellaneous Ijiraq
67%
Mealworm
67%
Insect Pelt Lice
67%
Skeleton Crew
67%
The Limoncello
67%
Wolverine
67%
Great Kraken
50%
Hodag
50%
Hydra
50%
Non-obtainable / Boss exclusive Mole Seaman
50%
Hooved Red Hart
50%
Wild Bull
50%
Zombie Parrot
50%
Flying Ant
33%
Lammergeier
33%
Mud Turtle
33%
Raccoon
33%
Aquasquirrel
17%
Stoat
17%
Reptile Tadpole
17%
No matching quizzes found
Score Distribution
Percent of People with Each Score
Percentile by Number Answered
Your Score History
You have not taken this quiz